| 000 | 01774nam a22003614a 4500 | ||
|---|---|---|---|
| 001 | ebr10232773 | ||
| 003 | CaPaEBR | ||
| 006 | m u | ||
| 007 | cr cn||||||||| | ||
| 008 | 051208s2006 maua s 000 0 eng | ||
| 010 | _z 2005035905 | ||
| 020 | _z9781405104845 (alk. paper) | ||
| 020 | _z1405104848 (alk. paper) | ||
| 040 |
_aCaPaEBR _cCaPaEBR |
||
| 035 | _a(OCoLC)244292899 | ||
| 050 | 1 | 4 |
_aR895 _b.P69 2006eb |
| 082 | 0 | 4 |
_a616.07/575 _222 |
| 100 | 1 | _aPowsner, Rachel A. | |
| 245 | 1 | 0 |
_aEssential nuclear medicine physics _h[electronic resource] / _cRachel A. Powsner, Edward R. Powsner. |
| 250 | _a2nd ed. | ||
| 260 |
_aMalden, Mass. : _bBlackwell Pub., _c2006. |
||
| 300 |
_aviii, 206 p. : _bill. |
||
| 500 | _aRev. ed. of: Essentials of nuclear medicine physics. 1998. | ||
| 505 | 0 | _aBasic nuclear medicine physics -- Interaction of radiation with matter -- Formation of radionuclides -- Nonscintillation detectors -- Nonimaging scintillation detectors -- Imaging instrumentation -- Single-photon emission computed tomography (SPECT) -- Positron emission tomography (PET) -- PET/CT -- Quality control -- Radiation biology -- Radiation dosimetry -- Radiation safety -- Radiation accidents. | |
| 533 |
_aElectronic reproduction. _bPalo Alto, Calif. : _cebrary, _d2013. _nAvailable via World Wide Web. _nAccess may be limited to ebrary affiliated libraries. |
||
| 650 | 0 | _aNuclear medicine. | |
| 650 | 0 | _aMedical physics. | |
| 655 | 7 |
_aElectronic books. _2local |
|
| 700 | 1 |
_aPowsner, Edward R., _d1926- |
|
| 700 | 1 |
_aPowsner, Rachel A. _tEssentials of nuclear medicine physics. |
|
| 710 | 2 | _aebrary, Inc. | |
| 856 | 4 | 0 |
_uhttp://site.ebrary.com/lib/rucke/Doc?id=10232773 _zAn electronic book accessible through the World Wide Web; click to view |
| 999 |
_c37539 _d37539 |
||